000 00689nam a22002297a 4500
008 240702b mp ||||| |||| 00| 0 mon d
020 _a978-9919-517-42-7
035 _a27664
040 _aZA2481090
_bmon
_cMN-UlNLM
_dMN-UlNLM
_erda
041 _amon
042 _a59169
084 _2NNA
_a87.7
_bТ-594
100 _aТөрмөнх Б.
245 0 _aМонгол хүн Д.Нацагдорж
264 _aУлаанбаатар
_bАДМОН
_c2022
300 _a63х.
336 _2rdacontent
_atext
_btxt
337 _2rdamedia
_aunmediated
_bn
338 _2rdacarrier
_avolume
_bnc
942 _2NNA
_cBK
999 _c1095328
_d1095385